000 00329nam a22001457a 4500
008 230831b ||||| |||| 00| 0 eng d
020 _a9781285076218
041 _aeng
080 _a159.9
082 _a159.9WEI
100 _a25
101 _aPSI
245 _aADJUST WHAT'S INSIDE
_cWEITEN / HAMMER /DUNN
942 _2udc
_cBK
999 _c60230
_d60230